Cono Sur/
Zapisane w:
| Korporacja: | |
|---|---|
| Format: | Książka |
| Język: | Spanish |
| Wydane: |
Chile:
FLACSO,
1982-
|
| Hasła przedmiotowe: | |
| Etykiety: |
Dodaj etykietę
Nie ma etykietki, Dołącz pierwszą etykiete!
|
MARC
| LEADER | 00000nam a22000007a 4500 | ||
|---|---|---|---|
| 003 | cru CIDCACS/IIS | ||
| 005 | 20201126143139.0 | ||
| 008 | 201126s1982 cl |||p|r||||||0| ||spa|d | ||
| 999 | |c 43536 |d 43536 | ||
| 022 | |a 07168713 | ||
| 040 | |c CRAI/IIS | ||
| 090 | |a REV0330 | ||
| 110 | 2 | |9 3388 |a Facultad Latinoamericana de Ciencias Sociales | |
| 245 | 1 | |a Cono Sur/ |c Facultad Latinoamericana de Ciencias Sociales | |
| 260 | |a Chile: |b FLACSO, |c 1982- | ||
| 270 | |a Casilla 3113 Correo Central | ||
| 500 | |a EXISTENCIAS : 1982 1 (1-4) 1983 1 (5) 2 (1-4) 1984 2 (5) 3 (1-5) 1985 3 (1) 4 (1) 1986 5 (1, 4-5) 1987 6 (1-5) 1988 7 (1-6) 1989 8 (0-1, 3-5) 1990 9 (1, 3) 1991 10 (1-6) 1992 11 (1-2, 4-6) 1993 12 (1-4) | ||
| 650 | 4 | |9 2646 |a RELACIONES INTERNACIONALES | |
| 650 | 0 | |9 452 |a TRAFICO DE DROGAS | |
| 650 | 4 | |9 3217 |a PROBLEMAS POLITICOS | |
| 650 | 0 | |9 507 |a ACUERDOS INTERNACIONALES | |
| 651 | 0 | |9 17 |a AMERICA LATINA | |
| 651 | 0 | |9 308 |a CENTROAMERICA | |
| 942 | |2 ddc |c PP | ||
